El lugar del espectador en las prácticas site-specific en la escena actual [szakfordítói szakdolgozat]

Elmentve itt :
Bibliográfiai részletek
Szerző: Magony Boglárka
További közreműködők: Lehoczkiné Katona Eszter (Témavezető)
Dokumentumtípus: Szakdolgozat
Megjelent: 2022
Tárgyszavak:
Online Access:http://diploma.bibl.u-szeged.hu/136808
LEADER 00699nta a2200193 i 4500
001 dipl136808
005 20230731104027.0
008 230613s2022 hu om 0|| hun d
040 |a SZTE Diploma Repozitórium  |b hun 
041 |a hun 
041 |a spa 
100 1 |a Magony Boglárka 
245 1 3 |a El lugar del espectador en las prácticas site-specific en la escena actual [szakfordítói szakdolgozat]  |h [elektronikus dokumentum] /  |c Boglárka Magony 
260 |c 2022 
650 4 |a Bölcsészettudományok 
650 4 |a Humanities 
650 4 |a Linguistics 
700 2 |a Lehoczkiné Katona Eszter  |e ths 
856 4 0 |u https://diploma.bibl.u-szeged.hu/id/eprint/136808/1/2022_magony_boglarka.pdf  |z Dokumentum-elérés